History of Maithili literature / (Record no. 22257)
[ view plain ]
| 000 -LEADER | |
|---|---|
| fixed length control field | 00734cam a2200253 i 4500 |
| 001 - CONTROL NUMBER | |
| control field | 22257 |
| 003 - CONTROL NUMBER IDENTIFIER | |
| rucl marc code | BD-RjUL |
| 005 - DATE AND TIME OF LATEST TRANSACTION | |
| control field | 20211209000803.0 |
| 008 - FIXED-LENGTH DATA ELEMENTS--GENERAL INFORMATION | |
| fixed length control field | 140306s1976 ii b b 000 0 eng |
| 035 ## - SYSTEM CONTROL NUMBER | |
| System control number | (BD-RjUL)22322 |
| System control number | (NNC)744254 |
| 040 ## - CATALOGING SOURCE | |
| Original cataloging agency | NNC |
| Language of cataloging | eng |
| Transcribing agency | NNC |
| Modifying agency | BD-RjUL |
| 041 ## - LANGUAGE CODE | |
| Language code of text/sound track or separate title | eng |
| 082 00 - DEWEY DECIMAL CLASSIFICATION NUMBER | |
| Classification number | 891.45 |
| Author mark and year | MIH 1976 |
| 100 1# - MAIN ENTRY--PERSONAL NAME | |
| Personal name | Mishra, Jayakanta. |
| 9 (RLIN) | 68704 |
| 245 10 - TITLE STATEMENT | |
| Title | History of Maithili literature / |
| Statement of responsibility, etc. | Jayakanta Mishra. |
| 260 ## - PUBLICATION, DISTRIBUTION, ETC. (IMPRINT) | |
| Place of publication, distribution, etc. | New Delhi : |
| Name of publisher, distributor, etc. | Sahitya Akademi, |
| Date of publication, distribution, etc. | 1976. |
| 300 ## - PHYSICAL DESCRIPTION | |
| Pagination | vii, 308 p. : |
| Illustrations | map ; |
| Size | 23 cm. |
| 504 ## - BIBLIOGRAPHY, ETC. NOTE | |
| Bibliography, etc | Includes bibliographical references. |
| 650 #0 - SUBJECT ADDED ENTRY--TOPICAL TERM | |
| Topical term or geographic name as entry element | Maithili literature |
| General subdivision | History and criticism. |
| 9 (RLIN) | 68705 |
| 942 ## - ADDED ENTRY ELEMENTS (KOHA) | |
| Source of classification or shelving scheme | Dewey Decimal Classification |
| Koha item type | Books |
| Lost status | Source of classification or shelving scheme | Damaged status | Not for loan | Collection code | Permanent Location | Current Location | Shelving location | Date acquired | Source of acquisition | Cost, normal purchase price | Total Checkouts | Full call number | Date last seen | Copy number | Koha item type |
|---|---|---|---|---|---|---|---|---|---|---|---|---|---|---|---|
| Dewey Decimal Classification | Added to bundle | Non-fiction | Central Library, University of Rajshahi | Central Library, University of Rajshahi | Reading Room | 27/09/1978 | India Int., Cal. | 15.00 | 891.45 MIH 1976 | 06/03/2014 | C-1 | Books |